000 00246nam a2200097Ia 4500
001 681213
005 20250826161356.0
008 250824s9999 xx 000 0 und d
245 0 _aSUNA NIN SERÇELERİ
_cGÜLTEN DAYIOĞLU
260 _bALTIN KİTAPLAR
999 _c681213
_d681213